Atti Convegno “ Vi porto nel cuore “ (Record n. 26328)

Dettagli MARC
000 -LEADER
fixed length control field 01243nam a2200217Ia 4500
003 - CONTROL NUMBER IDENTIFIER
control field IT-RoPAU
005 - DATE AND TIME OF LATEST TRANSACTION
control field 20220918175717.0
008 - FIXED-LENGTH DATA ELEMENTS--GENERAL INFORMATION
fixed length control field 120407s9999 xx 000 0 und d
040 ## - CATALOGING SOURCE
Original cataloging agency IT-RoPAU
Transcribing agency 20140324152500.0
040 ## - CATALOGING SOURCE
Transcribing agency IT-RoPAU
041 ## - LANGUAGE CODE
Language code of text/sound track or separate title ita
100 ## - MAIN ENTRY--PERSONAL NAME
Personal name Casa Generalizia FSP
9 (RLIN) 17258
245 ## - TITLE STATEMENT
Title Atti Convegno “ Vi porto nel cuore “
Remainder of title a 25 anni dalla morte della Serva di Dio Tecla Merlo. 1964- 5 febbraio 1989.Rocca di Papa (Mondo Migliore) 2-5 febbraio 1989."
250 ## - EDITION STATEMENT
Edition statement 1° ed
260 ## - PUBLICATION, DISTRIBUTION, ETC. (IMPRINT)
Date of publication, distribution, etc. 1989
Place of publication, distribution, etc. Roma
Name of publisher, distributor, etc. Casa Generalizia FSP
300 ## - PHYSICAL DESCRIPTION
Extent 156 p.
Dimensions 29,5 cm
520 ## - SUMMARY, ETC.
Summary, etc. Indice<br/><br/>Presentazione<br/>Partecipanti<br/>Programma<br/>Sigle<br/><br/>Benvenuto alle partecipanti al Convegno (Sr. Maria Cevolani fsp, Superiora Generale)<br/><br/>Parte 1.a: Inquadratura storica<br/>Parte 2.a: La personalità della Prima Maestra Tecla e il suo messaggio spirituale<br/>Parte 3.a: La Prima Maestra Tecla nelle testimonianze<br/><br/>Conclusione del Convegno (Sr. Maria Cevoolani fsp, Superiora Generale)<br/><br/>Attualizzazione: Lavori di gruppo e appendice<br/>Attualizzazione: lavori di gruppo<br/>Recital: Veglia Prima Maestra<br/>Guida alla Moostra sulla Prima Maestra<br/>Canti sulla Prima Maestra<br/>Indice
710 ## - ADDED ENTRY--CORPORATE NAME
Corporate name or jurisdiction name as entry element Figlie di San Paolo
9 (RLIN) 43
942 ## - ADDED ENTRY ELEMENTS (KOHA)
Koha item type LIBRO
Source of classification or shelving scheme Dewey Decimal Classification
Dati di copia
Withdrawn status Lost status Source of classification or shelving scheme Damaged status Not for loan Home library Current library Date acquired Total Checkouts Full call number Date last seen Price effective from Koha item type
    Dewey Decimal Classification Buone Condizioni Not For Loan PAULUS-BIBLIOTECA PAULUS-BIBLIOTECA 11/04/2012   P D3 11/04/2012 11/04/2012 LIBRO
CREDITS: SOCIETA' SAN PAOLO Via A.Severo, 58 - ROMA (RM) & PERIODICI SAN PAOLO SRL Via Giotto, 36 MILANO & CISF Via Giotto, 36 MILANO & EDIZIONI SAN PAOLO SRL,  Piazza Soncino, 5 CINISELLO BALSAMO (MI) -- ITALY